Lyrics to 'Idiota' by Morat - Statistics

General Stats
  • This quiz has been taken 33 times
  • The average score is 297 of 300
Answer Stats
Answer % Correct
a
100%
abre
100%
adiós
100%
amor
100%
así
100%
aunque
100%
ausencia
100%
bien
100%
buscando
100%
cabeza
100%
canción
100%
Como
100%
con
100%
consecuencias
100%
corazón
100%
Cuando
100%
cuando
100%
culpa
100%
Date
100%
de
100%
De
100%
decir
100%
di
100%
dicen
100%
el
100%
entiende
100%
entrar
100%
escuchar
100%
está
100%
este
100%
idiota
100%
intentarlo
100%
juego
100%
la
100%
las
100%
le
100%
llama
100%
llega
100%
llegará
100%
Malditas
100%
malgastar
100%
mañana
100%
matando
100%
me
100%
Me
100%
100%
mi
100%
Miente
100%
nadie
100%
no
100%
No
100%
nombre
100%
nunca
100%
olvidaré
100%
otra
100%
"paciencia"
100%
parte
100%
Pero
100%
ponga
100%
Porque
100%
prueba
100%
puerta
100%
Que
100%
qué
100%
que
100%
quiero
100%
recuerdo
100%
responde
100%
salga
100%
100%
sean
100%
sentido
100%
Si
100%
sientes
100%
sigo
100%
sirve
100%
solo
100%
te
100%
tengo
100%
tiene
100%
Todos
100%
tres
100%
tu
100%
un
100%
Una
100%
una
100%
va
100%
vas
100%
ve
100%
ven
100%
ventana
100%
vez
100%
volver
100%
voz
100%
vuelta
100%
Y
100%
y
100%
Yo
100%
yo
100%
algo
80%
dejarlo
80%
Dime
80%
doy
80%
esa
80%
gritar
80%
intenté
80%
llamando
80%
lo
80%
perdóname?
80%
pierdo
80%
grito
60%
¿Para
60%
perdonarme
60%
No matching quizzes found
Score Distribution
Percent of People with Each Score
Percentile by Number Answered
Your Score History
You have not taken this quiz